[Event "RUS-chT Blitz Men 2018"]
[Site "Sochi"]
[Date "2018.10.10"]
[Round "8"]
[White "Alekseev, Evgeny"]
[Black "Antipov, Mikhail Al."]
[Result "1-0"]
[WhiteElo "2620"]
[BlackElo "2593"]
[Annotator "TA"]
[PlyCount "103"]
[EventDate "2018.10.10"]
[EventType "swiss"]
[EventCountry "RUS"]
[SourceTitle "playchess.com"]
[Source "ChessBase"]
[SourceQuality "1"]

{[%evp 14,103,0,-1,0,0,0,0,6,0,0,-10,14,-64,-40,-51,-41,-61,-4,-18,0,0,0,0,-4,-29,4,0,0,-8,-7,-1,0,-8,0,0,0,-8,98,87,343,343,334,293,278,214,166,179,368,362,369,366,481,395,607,503,695,471,628,625,573,415,404,399,438,429,473,472,475,443,739,711,756,733,733,672,922,901,1266,1266,1228,1202,1262,1212,1255,1180,1712,1712,1670,1646,1668,1402]} 1. e4 e6 2. d4 d5 3. Nc3 Bb4 4. exd5 exd5 5. Bd3 Nf6 6. Nge2 {[%cal Bg1e2,Be2g3,Bg3f5][%mdl 32]} O-O 7. O-O Re8 8. a3 {LiveBook: 5 Games. C01: French: Exchange Variation} (8. Ng3 Bg4 9. f3 Be6 10. Bf4 Nbd7 11. Nce2 Bf8 12. h4 c5 13. c3 Qb6 14. b3 Rac8 15. Rc1 cxd4 16. cxd4 {½-½ (79) Negi,P (2656)-Holt,C (2565) San Francisco 2017}) 8... Be7 9. Ng3 c6 10. Re1 {The position is equal.} Nbd7 11. Nf5 $146 ({Predecessor:} 11. h3 Nf8 12. Qf3 Bd7 13. Be3 Ng6 14. Nf5 Bxf5 15. Qxf5 {½-½ (52) Merkuriev,V-Miraglia Ubals,D ICCF email 2017}) 11... Bf8 12. Bf4 Nb6 13. Qf3 ({Better is} 13. Ng3 $11) 13... Bxf5 $1 $15 14. Bxf5 Nc4 15. b3 {[#] Rxe8 is the strong threat.} Nd6 (15... Rxe1+ $15 16. Rxe1 Nxa3) 16. Rxe8 Nfxe8 17. Bd3 Nc7 18. Ne2 $40 {[%mdl 128] White has some attack.} Ne6 19. Bd2 Qh4 20. c3 g6 21. g3 Qe7 22. h4 Re8 23. Re1 Ne4 24. Bxe4 dxe4 25. Qxe4 Ng5 (25... Qxa3 $11 {remains equal.} 26. Qb1 Nc7) 26. Qg2 $16 Ne4 $2 {[%mdl 8192]} (26... Ne6 $16) 27. Nf4 $18 Nxd2 28. Rxe7 Rxe7 29. b4 Re1+ 30. Kh2 {Black must now prevent d5.} Nc4 $2 (30... Rc1 {keeps fighting.} 31. Ne2 Re1) 31. Nd3 Re7 32. a4 {[%cal Ba3a4,Ba4a5][%mdl 32]} Bg7 33. Qf3 a6 (33... Nd6 $142 34. Nc5 Bf8) 34. a5 h5 35. Qd1 Bh6 36. Kg2 Nd6 37. Ne5 Bg7 38. Qd3 Nb5 39. Nf3 {White is clearly winning.} Nc7 40. c4 {[%cal Bc3c4,Bc4d5][%mdl 32]} Rd7 41. Qe4 Ne6 (41... Kf8 $142 42. Ne5 Bxe5) 42. d5 cxd5 43. cxd5 Nc7 44. Qc4 Kf8 {[#]} 45. d6 $1 Ne8 (45... Rxd6 46. Qxc7) 46. Qc8 Rxd6 47. Qxb7 Bf6 48. Ng5 Bxg5 49. hxg5 Re6 50. b5 axb5 51. a6 Nd6 52. Qb8+ {Precision: White = 56%, Black = 31%.} 1-0

[Event "RUS-chT Blitz Men 2018"]
[Site "Sochi"]
[Date "2018.10.10"]
[Round "8"]
[White "Romanov, Evgeny"]
[Black "Kryakvin, Dmitry"]
[Result "0-1"]
[WhiteElo "2614"]
[BlackElo "2595"]
[Annotator "TA"]
[PlyCount "88"]
[EventDate "2018.10.10"]
[EventType "swiss"]
[EventCountry "RUS"]
[SourceTitle "playchess.com"]
[Source "ChessBase"]
[SourceQuality "1"]

{[%evp 18,88,1,0,0,0,8,-2,0,0,17,11,3,-3,16,16,12,0,27,0,27,24,43,39,39,0,27,-54,-69,-91,-93,-87,-92,-148,-148,-151,-154,-146,-145,-144,-141,-252,-245,-229,-222,-283,-262,-301,-288,-281,-283,-395,-393,-387,-389,-462,-370,-653,-507,-481,-369,-857,-824,-1134,-544,-4906,-4488,-29951,-29952,-5365,-5057,-29947,-29964]} 1. b3 Nf6 2. Bb2 e6 3. g3 Be7 4. Bg2 O-O 5. Nf3 c5 6. O-O Nc6 7. e3 d5 8. d4 cxd4 {D02: 1 d4 d5 2 Nf3 sidelines, including 2...Nf6 3 g3 and 2...Nf6 3 Bf4} 9. exd4 (9. Nxd4 Bd7 10. Nd2 Rc8 11. c4 Nxd4 12. Bxd4 Bc6 13. Rc1 dxc4 14. Rxc4 Bxg2 15. Kxg2 b5 16. Rxc8 Qxc8 17. Bxf6 Bxf6 {1-0 (34) Vachier Lagrave,M (2779)-Dominguez Perez,L (2739) chess.com INT 2018}) 9... b6 10. Nbd2 {[%cal Bb1d2,Bd2f3,Bf3d4][%mdl 32] LiveBook: 3 Games} Bb7 {The position is equal.} 11. Re1 Re8 $146 ({Predecessor:} 11... Rc8 12. a3 {½-½ (73) Makhnev,D (2378)-Kaiyrbekov,R (2351) Pavlodar 2018}) 12. a3 Bf8 13. Ne5 Nxe5 (13... Re7 {seems wilder.} 14. c4 Rc7 15. Qe2 Rac8 16. Rac1 g6) 14. dxe5 Nd7 15. Nf3 Nc5 16. Nd4 a6 17. Qg4 g6 18. h4 Rc8 19. h5 Bg7 20. hxg6 hxg6 21. Rad1 Qc7 22. Qf4 (22. f3 $11) 22... Ne4 $15 23. c4 Qxe5 24. Qxe5 Bxe5 25. f3 ({Better is} 25. Re3) 25... Bxg3 $17 26. fxe4 {[#] And now Re3 would win.} Bxe1 ({Worse is} 26... dxc4 27. Re3 $11) 27. Rxe1 {[%cal Re4d5]} dxc4 28. bxc4 Rxc4 29. Nb3 (29. Bf1 $17 {was called for.} Ra4 30. Kf2) 29... e5 $19 30. Re2 f6 31. Kf2 Kg7 32. Nc1 Rec8 33. Nd3 Rc2 34. Bh3 Rxe2+ 35. Kxe2 Rc4 36. Nb4 a5 37. Nd3 $2 (37. Kd3 Rxe4 38. Bg2 Rxb4 39. axb4 Bxg2 40. bxa5) 37... Bxe4 {[#] ...Rc2+ is the strong threat.} 38. Kd2 b5 39. Bc3 $2 (39. Bf1) 39... Bxd3 40. Kxd3 Rh4 (40... e4+ $142 41. Kd2 b4 42. axb4 axb4) 41. Bd7 b4 42. axb4 axb4 43. Bb2 Rh2 44. Ba1 Ra2 {Precision: White = 17%, Black = 71%.} 0-1

[Event "RUS-chT Blitz Men 2018"]
[Site "Sochi"]
[Date "2018.10.10"]
[Round "8"]
[White "Indjic, Aleksandar"]
[Black "Kezin, Roman"]
[Result "1-0"]
[WhiteElo "2604"]
[BlackElo "2471"]
[Annotator "TA"]
[PlyCount "110"]
[EventDate "2018.10.10"]
[EventType "swiss"]
[EventCountry "RUS"]
[SourceTitle "playchess.com"]
[Source "ChessBase"]
[SourceQuality "1"]

{[%evp 9,110,-20,-32,-28,-37,-41,-4,-46,-42,-33,-28,-36,11,-93,-37,-132,-118,-193,-213,-226,-213,-230,-228,-214,-183,-188,-144,-238,-233,-235,-222,-242,-227,-259,-205,-237,-244,-245,-255,-254,-212,-326,-332,-337,-308,-349,-363,-335,-340,-489,-483,-531,-393,-337,-270,-375,-378,-398,-391,-439,-438,-460,-464,-453,-435,-618,-602,-978,-408,-538,-463,-666,0,-538,-531,-600,-599,-588,-566,-1363,-743,-908,-437,-874,-437,-411,-233,-200,-185,-185,-185,-183,-183,-164,-123,-436,-436,-624,-610,-29997,-202,-633,-484]} 1. d4 d5 2. c4 e6 3. Nf3 Nf6 4. Bg5 dxc4 5. Nbd2 (5. Qa4+ Nbd7 6. e3 Be7 7. Bxc4 O-O 8. Be2 h6 9. Bh4 c5 10. O-O a6 11. dxc5 Nxc5 12. Qc2 b6 13. Rd1 Qe8 14. Nc3 {0-1 (36) Laznicka,V (2662)-Gelfand,B (2703) Novy Bor 2018}) 5... b5 6. a4 {D30: Queen's Gambit Declined: Systems without Nc3} c6 $1 7. e4 $146 ({Predecessor:} 7. e3 Bb4 8. Qc2 Bb7 9. axb5 cxb5 10. b3 h6 11. Bxf6 Qxf6 12. bxc4 bxc4 13. Bxc4 Bxf3 14. gxf3 {½-½ (74) Bischoff,K (2555)-Naumann,A (2538) playchess.com INT 2005}) 7... Qb6 8. Be2 {The position is equal.} Nbd7 9. O-O a6 10. Qc2 Bb7 11. Rfe1 (11. b3 $11 {remains equal.}) 11... h6 ({Black should play} 11... Bb4 $17 12. Be3 Ng4) 12. Bh4 (12. Bxf6 $15 Nxf6 13. b3) 12... Bb4 $17 13. e5 (13. Red1 $17) 13... Nd5 $19 14. Ne4 O-O $1 ({But not} 14... Bxe1 15. Nd6+ Kf8 16. Nxe1) 15. Red1 c5 16. Bg3 cxd4 17. Nxd4 Bc5 18. Nf3 (18. Qd2 $17 {might work better.}) 18... Rad8 19. a5 Qc7 20. Neg5 hxg5 21. Nxg5 {[%csl Gg5][%cal Rc2h7]} g6 22. Nxe6 Qc6 ({Weaker is} 22... fxe6 23. Qxg6+ Kh8 24. Qh6+ Kg8 25. Qg5+ Kh7 26. Qh5+ Kg7 27. Qg5+ Kh8 28. Qh5+ Kg7 29. Qg5+ Kh8 30. Qh5+ Kg8 31. Qg5+ Kh7 32. Qh5+ Kg7 $11) 23. Nxd8 Rxd8 24. Bf3 Nf8 25. Bh4 (25. h4 {is a better defense.}) 25... Rd7 26. Qc1 {Now Qh6 and White clings on.} Qe6 27. Bg3 Nb4 {Strongly threatening ...Bxf3.} 28. Bxb7 Rxb7 29. Qh6 (29. Qc3 {keeps fighting.}) 29... Nd3 30. b3 Bd4 31. Rab1 Bxe5 32. bxc4 Bxg3 33. hxg3 Qxc4 34. Qe3 Rd7 35. Rd2 Ne6 36. Rbd1 {[%cal Rd2d3]} Nec5 37. Re2 (37. Qe2 $142) 37... Kg7 38. Qg5 Qd5 (38... Ne4 $142 39. Rxe4 Qxe4) 39. Qe3 Qd4 40. Qg5 (40. Rb1 $142) 40... Qd5 41. Qe3 $1 b4 {[%cal Bb5b4,Bb4b3][%mdl 32]} 42. g4 b3 43. g5 Qf5 44. Qg3 b2 45. Qh4 Rd8 (45... Ne5 $142 46. Rde1 Ncd3) 46. Qh6+ Kg8 47. Rxb2 Re8 (47... Ne6 $142 48. Rbd2 Nef4) 48. Rbd2 Nf4 49. Rd8 {[%cal Rd8e8] [#]} Qe4 $1 $40 {[%csl Gf4][%cal Re4g2][%mdl 128] Black attacks with force.} 50. Rxe8+ Qxe8 51. Qh4 Ncd3 52. Rb1 $2 {[%mdl 8192]} (52. Qg4 $17 {nothing else works.}) 52... Ne2+ 53. Kh1 (53. Kh2 $142 Qe5+ 54. g3) 53... Qe5 {( -> ...Nxf2+!)} 54. Rd1 {[#]} Qf5 $2 (54... Nxf2+ $1 {[%mdl 512] mates} 55. Qxf2 Qh8+ 56. Qh4 Qxh4#) 55. f3 $2 (55. Kh2) 55... Qd7 {[%mdl 32768] Precision: White = 35%, Black = 58%. . Loss on Time!?} 1-0

[Event "RUS-chT Blitz Men 2018"]
[Site "Sochi"]
[Date "2018.10.10"]
[Round "8"]
[White "Rozum, Ivan"]
[Black "Lysyj, Igor"]
[Result "1/2-1/2"]
[WhiteElo "2573"]
[BlackElo "2631"]
[Annotator "TA"]
[PlyCount "38"]
[EventDate "2018.10.10"]
[EventType "swiss"]
[EventCountry "RUS"]
[SourceTitle "playchess.com"]
[Source "ChessBase"]
[SourceQuality "1"]

{[%evp 24,26,0,0,-2]} 1. c4 e6 2. Nc3 d5 3. e3 Nf6 4. Nf3 dxc4 5. Bxc4 c5 6. O-O Nc6 7. Qe2 a6 8. a4 Be7 9. Rd1 O-O 10. d4 Qc7 11. h3 Rd8 12. dxc5 {D27: Queen's Gambit Accepted: Classical main line: 7 e4!? and 7 a4} Rxd1+ 13. Qxd1 {LiveBook: 5 Games} Bxc5 {[#]} {Predecessor:} 14. e4 $146 h6 15. Qe1 Nd4 16. Nxd4 Bxd4 17. Bd3 Qg3 18. Bc2 Qc7 19. Be3 e5 {½-½ (40) Tregubov,P (2589)-Roberson,P (2403) Douglas 2017} 1/2-1/2

[Event "RUS-chT Blitz Men 2018"]
[Site "Sochi"]
[Date "2018.10.10"]
[Round "8"]
[White "Yuffa, Daniil"]
[Black "Usmanov, Vasily"]
[Result "1/2-1/2"]
[WhiteElo "2563"]
[BlackElo "2453"]
[Annotator "TA"]
[PlyCount "119"]
[EventDate "2018.10.10"]
[EventType "swiss"]
[EventCountry "RUS"]
[SourceTitle "playchess.com"]
[Source "ChessBase"]
[SourceQuality "1"]

{[%evp 13,119,0,0,-16,27,0,0,0,50,33,62,40,43,-23,0,-29,-32,-31,-4,-10,-1,-72,-29,-62,-10,-114,-104,-102,-106,-95,-106,-112,0,-200,-115,-111,-62,-64,-68,-70,-60,-77,0,0,0,0,0,0,0,-58,-58,-35,41,47,32,37,131,99,337,315,314,317,314,143,141,152,251,241,299,181,226,232,723,374,378,377,377,347,428,141,424,421,1635,1590,1590,1560,1470,1336,1241,1187,909,0,0,0,0,0,0,0,0,0,0,0,0,0,0,0,0,0]} 1. e4 {[%cal Be2e4,Be4e5][%mdl 32]} e6 2. d4 d5 3. Nc3 {[%cal Bb1c3,Bc3e2,Be2f4][%mdl 32]} Nf6 4. e5 Nfd7 5. Nce2 c5 6. c3 Nc6 7. Nf3 Qb6 {LiveBook: 46 Games} 8. h4 {C11: French: Classical System: 4 e5 and 4 Bg5 dxe4} a5 9. a3 a4 (9... cxd4 10. cxd4 f6 11. exf6 Nxf6 12. Nc3 Bd6 13. Nb5 Bb8 14. a4 O-O 15. Be2 e5 16. dxe5 Nxe5 {1-0 (30) Morozevich,A (2711)-Bluebaum,M (2588) Berlin 2015}) 10. Nf4 cxd4 11. cxd4 Be7 12. g3 Qb3 $146 ({Predecessor:} 12... Qa7 13. Be3 Nb6 14. Nd2 Bd7 15. Nh5 Rg8 16. Bd3 {0-1 (42) Seyfried,C (2185)-Schwarz,F (2249) Saarbruecken 2013}) 13. Bd3 (13. Qxb3 $14 axb3 14. Bd2) 13... Qxd1+ $1 $11 14. Kxd1 Nb6 15. Ke2 Bd7 16. Bd2 Na5 17. Bb4 (17. Bxa5 $11 {keeps the balance.} Rxa5 18. Nd2) 17... Nbc4 18. Rab1 Bb5 (18... Bxb4 $15 19. axb4 Nc6) 19. Rhc1 {[#]} (19. Bxa5 $11 Rxa5 20. Nd2) 19... Bxb4 $1 $17 20. axb4 {[#]} Nc6 $1 21. Kf1 Nxb4 22. Be2 Ke7 ({Better is} 22... O-O $17 23. Kg2 Ra5) 23. Rc3 $2 (23. b3 $11 {and White has nothing to worry.} Na2 24. bxc4 Nxc1 25. Rxb5) 23... Ba6 (23... Na2 $19 24. Rc2 Rhc8) 24. Ra1 b5 ({Not} 24... Nxb2 25. Rc7+ Ke8 26. Bxa6 $16) 25. b3 $1 {[%cal Rb3c4]} axb3 26. Rxb3 Nc6 27. Nd3 $1 b4 (27... Rhc8 $17 {And now ...b4! would win.} 28. Kg2 h6) 28. Nxb4 $11 Nxd4 29. Nxd4 Nd2+ 30. Kg2 Nxb3 31. Ndc6+ (31. Nbc6+ $11 Kd7 32. Rxa6) 31... Kd7 $15 32. Rxa6 Nc5 (32... Rxa6 $15 33. Bxa6 Kc7) 33. Rb6 $14 {Rb5 is the strong threat.} Kc7 34. Rb5 Ne4 (34... Na6 $14) 35. Nd4 Ra1 $2 (35... Rhc8 $16) 36. f3 $18 Nd2 37. Rc5+ Kb6 38. Rc2 (38. Rc6+ $18 {has better winning chances.} Kb7 39. Ba6+ Rxa6 40. Rxa6) 38... Nc4 $16 39. Bxc4 dxc4 (39... Ra4 $16) 40. Rxc4 $18 Rd8 41. Nbc2 Rc1 {intending ...Rxd4.} 42. Rb4+ Kc5 $2 (42... Kc7 43. Nb5+ Kc6) 43. Rb7 Rxd4 44. Nxd4 Kxd4 45. Rxf7 {[%mdl 4096] Endgame KR-KR} g6 46. f4 $2 (46. Rxh7 $18 {is more deadly.} Kxe5 47. Rh6) 46... Ke4 $2 {[%mdl 8192]} (46... h5 $16 47. Rf6 Rc6 48. Rxg6 Ke4) 47. Rxh7 Rc2+ (47... Kf5 $142 48. h5 gxh5 49. Rxh5+ Kg6 50. Rg5+ Kf7) 48. Kh3 Kf3 49. Ra7 Rc3 50. Ra2 Rb3 51. Rc2 Ra3 52. Rg2 $2 ({White should play} 52. Rb2 $18 Re3 53. Rb6) 52... Ra1 $11 {The position is equal.} 53. Kh2 {aiming for Rg1.} (53. Rh2 {looks sharper.} Rg1 54. Ra2 Rh1+ 55. Rh2 Rg1) 53... Kg4 54. Rd2 Ra3 55. Rd6 Ra2+ 56. Kg1 Kxg3 57. Kf1 Kf3 58. Kg1 Kg3 59. Kf1 Kf3 {( -> ...Ra1+)} 60. Kg1 {Precision: White = 42%, Black = 38%.} 1/2-1/2

[Event "RUS-chT Blitz Men 2018"]
[Site "Sochi"]
[Date "2018.10.10"]
[Round "8"]
[White "Shcherbakov, Ruslan"]
[Black "Moiseenko, Vadim"]
[Result "0-1"]
[WhiteElo "2516"]
[BlackElo "2492"]
[Annotator "TA"]
[PlyCount "100"]
[EventDate "2018.10.10"]
[EventType "swiss"]
[EventCountry "RUS"]
[SourceTitle "playchess.com"]
[Source "ChessBase"]
[SourceQuality "1"]

{[%evp 9,100,0,18,-21,-16,-13,-16,-16,0,-12,0,0,9,0,29,-18,-17,-10,0,-21,-25,-19,0,-10,-18,-9,0,0,-2,-52,-60,-83,-26,-115,-110,-118,-120,-227,-112,-320,-306,-376,-375,-397,-402,-395,-348,-343,-340,-545,-533,-534,-514,-556,-403,-509,-392,-422,-416,-899,-893,-886,-887,-881,-872,-854,-845,-802,-800,-894,-884,-1012,-1149,-1295,-1235,-937,-966,-839,-695,-12839,-12838,-12844,-12841,-12839,-6921,-12847,-12847,-29982,-29983,-29983,-12847,-12847,-12847]} 1. e4 e5 2. Bc4 Nf6 3. d3 c6 4. Nf3 d5 5. Bb3 a5 {aiming for ...a4.} 6. a3 {C24: Bishop's Opening: 2...Nf6} (6. a4 Bb4+ 7. c3 Bd6 8. Bg5 dxe4 9. dxe4 h6 10. Bh4 O-O 11. O-O Na6 12. Nbd2 Qe7 13. Nc4 Bc7 {½-½ (30) Karjakin,S (2760)-Wei,Y (2739) Medias 2017}) 6... a4 7. Ba2 Bd6 8. Nc3 {[%cal Re4d5] The position is equal.} Be6 9. O-O O-O 10. Bg5 Ra5 $146 ({Predecessor:} 10... d4 11. Ne2 h6 12. Bh4 Nbd7 13. Ne1 g5 14. Bg3 Nc5 {½-½ (14) Staszko,M (2075)-Svoboda,P (1965) Ostrava 1998}) 11. Re1 Nbd7 12. h3 h6 13. Bh4 Qc7 14. Bg3 Re8 15. Bh2 d4 (15... Qb8 {is more complex.} 16. Bg3 Bc7 17. exd5 cxd5 18. Qe2 Bf5) 16. Bxe6 Rxe6 17. Ne2 c5 18. Nd2 b5 19. c4 Nb6 20. Rc1 Qb7 {[#]} (20... bxc4 $17 21. Nxc4 Nxc4 22. Rxc4 Rb5) 21. Qc2 (21. Nxd4 $1 $11 {[%mdl 512] remains equal.} cxd4 22. c5) 21... bxc4 $17 22. Nxc4 Nxc4 23. dxc4 (23. Qxc4 $17 Qxb2 24. Rb1 Qxa3 25. Rb6) 23... Qxe4 {[#]} (23... Nxe4 $19 24. f3 Nf6) 24. Qd2 $2 (24. Nxd4 $1 $17 {[%mdl 512]} Qxc2 (24... cxd4 25. Rxe4) 25. Nxc2) 24... Qa8 $19 25. Ng3 e4 26. Nf5 Bxh2+ 27. Kxh2 Ra7 28. Qf4 Kh7 29. g4 $2 (29. Ng3 {might work better.}) 29... g5 30. Qg3 Rb7 31. Rc2 Qb8 32. Rce2 Qxg3+ 33. Nxg3 Kg6 34. Nxe4 (34. Kg1 $142) 34... Nxe4 35. Rxe4 Rxe4 36. Rxe4 Rxb2 {[%mdl 4096] Endgame KR-KR} 37. Kg2 Rc2 38. Re5 Rxc4 39. Kf3 Rc3+ 40. Ke4 d3 41. Ke3 c4 42. Rd5 Rxa3 43. Rd6+ f6 {Threatens to win with ...Ra2.} 44. f4 gxf4+ 45. Kxf4 Ra1 46. h4 h5 47. g5 Rf1+ 48. Ke3 a3 {[%cal Ba4a3,Ba3a2][%mdl 32]} 49. Ra6 {[#]} d2 $1 50. Kxd2 {[#]} a2 $1 {Precision: White = 30%, Black = 63%.} 0-1

[Event "RUS-chT Blitz Men 2018"]
[Site "Sochi"]
[Date "2018.10.10"]
[Round "8"]
[White "Potapov, Pavel"]
[Black "Zvjaginsev, Vadim"]
[Result "1-0"]
[WhiteElo "2515"]
[BlackElo "2644"]
[Annotator "TA"]
[PlyCount "89"]
[EventDate "2018.10.10"]
[EventType "swiss"]
[EventCountry "RUS"]
[SourceTitle "playchess.com"]
[Source "ChessBase"]
[SourceQuality "1"]

{[%evp 22,89,33,19,54,-11,18,13,33,25,39,0,8,7,10,0,13,15,8,-5,165,177,199,160,197,181,284,285,251,131,134,136,124,120,210,131,142,144,183,182,443,447,481,478,483,474,630,574,562,559,527,354,338,324,675,682,681,538,597,596,577,575,571,553,554,544,625,620,29977,29978]} 1. e4 d6 2. d4 Nf6 3. Nc3 g6 4. f4 Bg7 5. Nf3 O-O 6. Be2 c5 7. dxc5 Qa5 8. O-O Qxc5+ 9. Kh1 Bg4 10. Qe1 Nc6 11. Bd3 Nb4 12. Be3 {LiveBook: 8 Partien} Qh5 {B09: Pirc-Ufimzew-Verteidigung (Dreibauernangriff)} 13. Qg3 $146 (13. h3 $14) ({Vorgänger:} 13. h3 Nxd3 14. cxd3 Bxf3 15. Rxf3 Qa5 16. f5 b5 17. Bg5 Rac8 18. a3 b4 19. axb4 Qxb4 20. Qf2 {½-½ (30) Sziva,E (2315)-Koch,W (2315) Germany 1996}) 13... Bxf3 14. Rxf3 a6 {Die Stellung ist ausgeglichen.} 15. Bd2 Rac8 16. Re1 Nxd3 17. cxd3 e6 18. f5 exf5 19. exf5 Rfe8 20. Ref1 Ng4 $2 (20... d5 $1 $11 {und Schwarz ist OK.}) 21. h3 $1 $36 {[%mdl 2048] Weiss bestimmt, wo es lang geht.} ({Viel schwächer ist} 21. fxg6 $6 fxg6 22. h3 Ne5 $14) 21... Ne5 22. R3f2 f6 23. Ne4 Rcd8 (23... Re7 {war nötig.} 24. d4 (24. Nxd6 Rd8 $16) 24... Nc4) 24. fxg6 Qxg6 {[#]} 25. Qxg6 ({Finger weg von} 25. Nxf6+ $6 Bxf6 26. Qxg6+ Nxg6 $16) (25. Qh4 $1 $18) 25... Nxg6 $16 26. Nxf6+ Bxf6 27. Rxf6 Re2 (27... Rf8 $16 28. Kh2 Ne5) 28. Ba5 Rd7 29. Bc3 d5 30. Bd4 Rd2 $2 (30... Re8 {war einen Versuch wert.} 31. Kh2 Rf8 32. Rxf8+ Nxf8) 31. R1f3 $18 Re7 {[#]} 32. h4 $1 {[%mdl 512]} Re1+ (32... Nxh4 33. Rf8#) 33. Kh2 Rdd1 34. h5 Rh1+ 35. Kg3 Rxh5 {beabsichtigt ...Tg5+.} 36. Rd6 {Weiss will mit Td8+ Matt setzen.} Rg5+ {[#]} 37. Kf2 $1 {jetzt Td8+ und aus.} Ne5 $2 (37... Rxg2+ 38. Kxg2 Nh4+ 39. Kg3 Nxf3) 38. Rd8+ Kg7 39. Re3 Kf6 40. Rxd5 Rd2+ 41. Ke1 Rdxg2 42. Rdxe5 Rxe5 43. Rxe5 Kg6 44. Re7 {Droht Tg7+ und aus.} h5 45. Rg7+ {Precision: Weiß = 55%, Schwarz = 22%.} 1-0

[Event "RUS-chT Blitz Men 2018"]
[Site "Sochi"]
[Date "2018.10.10"]
[Round "8"]
[White "Khanin, Semen"]
[Black "Savchenko, Boris"]
[Result "1-0"]
[WhiteElo "2510"]
[BlackElo "2562"]
[Annotator "TA"]
[PlyCount "53"]
[EventDate "2018.10.10"]
[EventType "swiss"]
[EventCountry "RUS"]
[SourceTitle "playchess.com"]
[Source "ChessBase"]
[SourceQuality "1"]

{[%evp 14,53,59,56,81,42,42,22,17,25,52,56,85,50,25,11,47,12,39,23,24,12,64,19,24,42,0,0,0,0,2,3,8,27,29984,29984,29985,29985,29997,29998,29998,29999]} 1. e4 e6 2. d4 d5 3. Nc3 Be7 4. Nf3 Nf6 5. Bd3 c5 6. exd5 Nxd5 7. Nxd5 {C10: French with 3 Nc3: Unusual Black 3rd moves and 3...dxe4} Qxd5 8. dxc5 {LiveBook: 4 Games} O-O 9. O-O {White is better.} Nd7 10. c6 $146 ({Predecessor:} 10. b4 a5 11. Bg5 Bxg5 12. c4 Qc6 13. Nxg5 h6 14. b5 Qxc5 {0-1 (40) Sariego,W (2405)-Arencibia Rodriguez,W (2485) Havana 1990}) 10... Qxc6 11. c3 e5 12. Qe2 Qc7 13. Qe4 {[%csl Gd3][%cal Re4h7] [#]} g6 14. Bh6 Rd8 {White must now prevent ...Nc5.} (14... Re8 {seems wilder.} 15. Bc2 Bf6 16. Qe3 Nb6 17. Rfe1 Nc4) 15. Qe2 f6 16. Bc4+ Kh8 17. Rad1 Nb6 ({Better is} 17... a6 $11) 18. Bb3 Bf5 19. Nh4 Bd7 $1 20. f4 Qc5+ 21. Kh1 {f5 is the strong threat.} Bb5 22. Qg4 Bxf1 23. Rxf1 $40 {[%mdl 128] White is up to no good.} Bf8 $2 {[%mdl 8192] [#]} (23... exf4 $11 24. Bxf4 Qh5 25. Qxh5 gxh5) 24. Nxg6+ $1 {[%mdl 512] White mates.} hxg6 25. Qh4 {[%cal Rh6f8]} Qe7 26. Bxf8+ Qh7 27. Qxf6+ {Precision: White = 47%, Black = 25%.} 1-0

[Event "RUS-chT Blitz Men 2018"]
[Site "Sochi"]
[Date "2018.10.10"]
[Round "8"]
[White "Triapishko, Alexandr"]
[Black "Artemiev, Vladislav"]
[Result "0-1"]
[WhiteElo "2508"]
[BlackElo "2706"]
[Annotator "TA"]
[PlyCount "76"]
[EventDate "2018.10.10"]
[EventType "swiss"]
[EventCountry "RUS"]
[SourceTitle "playchess.com"]
[Source "ChessBase"]
[SourceQuality "1"]

{[%evp 15,76,14,39,10,7,5,7,6,8,12,16,18,20,0,0,0,0,0,0,0,0,0,0,-24,0,-4,-4,-4,-4,-4,-4,-4,-4,-4,-4,-4,-4,-5,-5,-61,-61,-61,-57,-61,-31,-46,-37,-61,-61,-76,-84,-249,-240,-676,-651,-652,-610,-679,-676,-647,-637,-904,-882]} 1. e4 c6 2. d4 d5 3. exd5 cxd5 4. Bd3 Nc6 5. c3 Qc7 6. Ne2 Bg4 7. O-O {B13: Caro-Kann: Exchange Variation and Panov-Botvinnik Attack} e6 8. Qe1 Bd6 {LiveBook: 19 Games} 9. Ng3 {White is slightly better.} (9. f3 $5 {[%cal Rf3g4]} Bf5 10. Bxf5 exf5 11. Bf4 $14) 9... Nf6 10. h3 $146 ({Predecessor:} 10. Bg5 Nh5 11. Nd2 O-O 12. Be3 e5 13. dxe5 Nxe5 14. Qb1 Nxd3 15. Qxd3 {1-0 (45) Delgado Ramirez,N (2602)-Garcia,G (2199) Brasilia 2018}) 10... Bh5 11. Nxh5 Nxh5 12. Qe2 Nf4 13. Bxf4 Bxf4 14. Na3 O-O 15. Nc2 g6 16. Kh1 Kg7 17. g3 Bd6 18. Kg2 a6 19. a4 Rfe8 20. Ne3 h5 21. h4 Ne7 {[%cal Bc6e7,Be7g8,Bg8f6,Bf6h5][%mdl 32]} 22. Qf3 Ng8 23. Rfc1 Nf6 24. Re1 Rab8 25. Ra2 Qc6 26. Raa1 Re7 27. g4 ({White should play} 27. a5 $11) 27... hxg4 $15 28. Nxg4 Nh5 29. Ne5 Qc7 30. Qg4 {[%cal Rd3g6] [#] Strongly threatening Bxg6!} Bxe5 31. Rxe5 Rh8 32. Rae1 Rh6 33. Qf3 $2 (33. Rh1 $17 {keeps fighting.}) 33... f6 $19 34. R5e3 $2 {[#]} (34. Rxh5 Rxh5 35. Qg4) 34... Nf4+ {Black is clearly winning.} 35. Kg1 Rxh4 36. Qg3 Rh5 37. Qf3 Re8 (37... Nxd3 $2 38. Rxd3 Qc6 39. Qd1 $17) 38. Bf1 Rg5+ {Precision: White = 48%, Black = 85%.} 0-1